[Event "Tournoi Skype 027B"]
[Site "Skype"]
[Date "????.??.??"]
[Round "1.1"]
[White "Cayllahua, Braulio Idme"]
[Black "Baker, Abi"]
[Result "1-0"]
[WhiteElo "1489"]
[BlackElo "1181"]
[PlyCount "47"]

1. e4 e6 2. d4 d5 3. exd5 Qxd5 4. Nc3 Qa5 5. Bd2 Bb4 6. a3 Bxc3 7. Bxc3 Qg5 8.
Nf3 Qe7 9. Be2 Nf6 10. O-O O-O 11. Bb4 Qe8 12. Bxf8 Qxf8 13. c4 b6 14. Ne5 Bb7
15. Bf3 Be4 16. Qe2 Qd8 17. Bxe4 Qxd4 18. Bxa8 Nbd7 19. Nxd7 Nxd7 20. Rfd1 Qe5
21. Qxe5 f6 22. Qxe6+ Kf8 23. Rxd7 g5 24. Qf7# 1-0

[Event "Tournoi Skype 027B"]
[Site "Skype"]
[Date "????.??.??"]
[Round "1.2"]
[White "Porcabeuf, Jean-Marc"]
[Black "Bendre, Pankaj"]
[Result "0-1"]
[WhiteElo "1181"]
[BlackElo "1438"]
[PlyCount "48"]

1. e4 c5 2. Nf3 e6 3. d4 cxd4 4. Nxd4 a6 5. Bc4 Qc7 6. Bb3 Nf6 7. Nc3 Bb4 8.
Qe2 Bxc3+ 9. bxc3 Qxc3+ 10. Bd2 Qxa1+ 11. Qd1 Qxd4 12. O-O O-O 13. Re1 Nxe4 14.
Re2 Nc3 15. Qe1 Nxe2+ 16. Qxe2 Qa1+ 17. Be1 Qd4 18. c3 Qb6 19. Bc4 d5 20. Bd3
Nd7 21. c4 Nc5 22. Bc2 d4 23. h3 Qb2 24. Kh2 d3 0-1

[Event "Tournoi Skype 027B"]
[Site "Skype"]
[Date "????.??.??"]
[Round "1.3"]
[White "Cayo, Ana Carolina"]
[Black "Ruiz Gomez, Luz Alba"]
[Result "1-0"]
[WhiteElo "1410"]
[BlackElo "1180"]
[PlyCount "103"]

1. d4 Nf6 2. Nf3 d5 3. Bg5 e6 4. e3 Be7 5. Nbd2 Nbd7 6. Bd3 O-O 7. c3 c5 8. O-O
b6 9. Ne5 Nxe5 10. dxe5 Nd7 11. Bf4 f6 12. Nf3 Bb7 13. Qe2 a5 14. Rad1 Qc8 15.
exf6 Bxf6 16. Bg5 e5 17. e4 Qd8 18. Bxf6 Qxf6 19. exd5 Bxd5 20. Bxh7+ Kxh7 21.
Rxd5 Rad8 22. Rfd1 Qe7 23. Qd3+ Kg8 24. Rxd7 Rxd7 25. Qxd7 Qxd7 26. Rxd7 Rf5
27. Rd5 Rf8 28. Rxe5 Rd8 29. Kf1 Kf8 30. Ke2 Re8 31. Rxe8+ Kxe8 32. Ne5 Ke7 33.
f4 Ke6 34. g4 b5 35. b3 Kf6 36. Nd7+ Ke7 37. Nxc5 Kd6 38. Ne4+ Ke6 39. Kd3 Ke7
40. Kd4 Kd7 41. a3 Kc6 42. c4 bxc4 43. bxc4 a4 44. h4 Kc7 45. f5 Kd7 46. h5 Ke7
47. g5 Kf7 48. c5 Ke7 49. Kd5 Kd7 50. h6 gxh6 51. gxh6 Ke7 52. h7 1-0

[Event "Tournoi Skype 027B"]
[Site "Skype"]
[Date "????.??.??"]
[Round "1.4"]
[White "Vervoort, Jean-Louis"]
[Black "Franco, Yolima"]
[Result "0-1"]
[WhiteElo "1180"]
[BlackElo "1408"]
[PlyCount "72"]

1. d4 d5 2. Bf4 Nf6 3. e3 a6 4. Nf3 Nbd7 5. Bd3 c5 6. c3 c4 7. Bc2 Qb6 8. b3
Nh5 9. bxc4 Qb2 10. Nbd2 Nxf4 11. exf4 dxc4 12. Nxc4 Qxc3+ 13. Ncd2 Nf6 14. O-O
Bg4 15. h3 Bxf3 16. Nxf3 e6 17. Bb3 Bd6 18. Rc1 Qa5 19. Rc2 Bxf4 20. g3 Bc7 21.
Qb1 O-O 22. Rfc1 Bb6 23. Rc4 Qh5 24. Kg2 Rad8 25. Bd1 Nd5 26. Ne5 Qg5 27. h4
Qd2 28. R1c2 Ne3+ 29. Kf3 Nxc2 30. Bxc2 Bxd4 31. Bxh7+ Kh8 32. Ng4 f5 33. Rc2
fxg4+ 34. Kg2 Rxf2+ 35. Kg1 Rg2+ 36. Kh1 Rh2# 0-1

[Event "Tournoi Skype 027B"]
[Site "Skype"]
[Date "????.??.??"]
[Round "1.5"]
[White "Amato, Ludovica"]
[Black "Hargez, Dany"]
[Result "1-0"]
[WhiteElo "1402"]
[BlackElo "1177"]
[PlyCount "103"]

1. e4 e5 2. Nf3 d6 3. d4 Bg4 4. dxe5 Bxf3 5. Qxf3 dxe5 6. Bc4 Nf6 7. O-O Nbd7
8. Nc3 c6 9. a3 Be7 10. Be3 O-O 11. Rfd1 b5 12. Ba2 Qc7 13. Rd2 Rad8 14. Rad1
Bc5 15. Bg5 Bd4 16. b4 h6 17. Bxf6 Nxf6 18. Ne2 Rd7 19. Nxd4 exd4 20. Rxd4 Rfd8
21. Rxd7 Rxd7 22. Rxd7 Qxd7 23. Qd3 Qe7 24. f3 Qe5 25. c3 Qf4 26. c4 Qc1+ 27.
Kf2 Qb2+ 28. Qe2 Qd4+ 29. Qe3 Qb6 30. Qxb6 axb6 31. cxb5 cxb5 32. Bb1 Nd7 33.
Bd3 Kf8 34. Bxb5 Ke7 35. Bxd7 Kxd7 36. Ke3 Kc6 37. a4 Kb7 38. Kd4 Kc6 39. Kc4
Kd6 40. Kb5 Kc7 41. f4 f6 42. h4 h5 43. g3 g6 44. f5 gxf5 45. exf5 Kb7 46. a5
bxa5 47. Kxa5 Ka7 48. Kb5 Kb7 49. Kc5 Kc7 50. b5 Kb7 51. b6 Ka6 52. Kc6 1-0

[Event "Tournoi Skype 027B"]
[Site "Skype"]
[Date "????.??.??"]
[Round "1.6"]
[White "Maccaferri, Massimo"]
[Black "Munoz Gonzalez, Martin"]
[Result "0-1"]
[WhiteElo "1152"]
[BlackElo "1393"]
[PlyCount "68"]

1. e4 e5 2. Bc4 Nc6 3. h4 Nf6 4. d3 Bc5 5. Nf3 d6 6. Ng5 d5 7. exd5 Nxd5 8. Qf3
f6 9. Bxd5 Nd4 10. Qh5+ g6 11. Bf7+ Kd7 12. Qg4+ Ke7 13. Qd1 h6 14. c3 hxg5 15.
cxd4 Kxf7 16. dxc5 c6 17. Qf3 g4 18. Qg3 Qa5+ 19. Nc3 Qxc5 20. Be3 Qb4 21.
O-O-O Bf5 22. f3 gxf3 23. Qxf3 Bg4 24. Nd5 cxd5 25. Qxd5+ Be6 26. Qf3 Kg7 27.
a3 Rac8+ 28. Kb1 Qb3 29. Qxb7+ Qxb7 30. b4 a5 31. Bd2 axb4 32. Bxb4 Qxg2 33.
Bd2 Rb8+ 34. Ka1 Qd5 0-1

[Event "Tournoi Skype 027B"]
[Site "Skype"]
[Date "????.??.??"]
[Round "1.7"]
[White "Aroucha, Abraao"]
[Black "Abate, Luigi"]
[Result "0-1"]
[WhiteElo "1376"]
[BlackElo "1134"]
[PlyCount "104"]

1. c4 e5 2. g3 Bc5 3. d3 Nf6 4. Bg2 Ng4 5. e3 c6 6. Qxg4 d6 7. Qd1 O-O 8. Nf3
Nd7 9. O-O Nf6 10. Nc3 Re8 11. a3 d5 12. Nxe5 d4 13. Na4 Bd6 14. exd4 c5 15.
Nc6 bxc6 16. Bxc6 Bg4 17. Qd2 Re2 18. Qc3 Rc8 19. Bg2 cxd4 20. Qxd4 Qe7 21. Be3
Be5 22. Qxa7 Qe8 23. h3 Bf5 24. Bf3 Rc2 25. Rad1 Bxh3 26. Rfe1 Ng4 27. Nb6 Rc7
28. Qa8 Kf8 29. Nd7+ Rxd7 30. Qxe8+ Kxe8 31. Bc6 Kd8 32. Bb6+ Bc7 33. Re8+ Kxe8
34. Bxc7 Nxf2 35. Re1+ Be6 36. Bb6 Nh3+ 37. Kh1 Nf2+ 38. Bxf2 Rxf2 39. b4 Kd8
40. b5 Rxd3 41. b6 Rxg3 42. Rd1+ Kc8 43. b7+ Kc7 44. Rb1 Kb8 45. a4 Bxc4 46.
Rd1 Rf1+ 47. Rxf1 Bxf1 48. a5 h5 49. Kh2 Ra3 50. Bd5 f5 51. a6 Bxa6 52. Bg2 g5
0-1

[Event "Tournoi Skype 027B"]
[Site "Skype"]
[Date "????.??.??"]
[Round "1.8"]
[White "Homme, Jim"]
[Black "Ryan, Lea"]
[Result "0-1"]
[WhiteElo "1130"]
[BlackElo "1371"]
[PlyCount "24"]

1. e4 e5 2. Nf3 Nc6 3. g3 Bc5 4. Qe2 Nf6 5. d3 d6 6. Bg2 O-O 7. O-O Be6 8. b3
Qd7 9. Bb2 Bh3 10. Bxh3 Qxh3 11. Nbd2 Ng4 12. Ng5 Qxh2# 0-1

[Event "Tournoi Skype 027B"]
[Site "Skype"]
[Date "????.??.??"]
[Round "1.9"]
[White "Lopes, Marcia Maria"]
[Black "Cengiz, Ali Ekber"]
[Result "0-1"]
[WhiteElo "1363"]
[BlackElo "1129"]
[PlyCount "76"]

1. e4 e5 2. Nf3 d6 3. Nc3 c6 4. d4 exd4 5. Nxd4 Be7 6. Bc4 Nf6 7. Bg5 h6 8. Be3
Bg4 9. Nf3 Nbd7 10. h3 Bh5 11. g4 Bg6 12. Bd3 Ne5 13. Nxe5 dxe5 14. Qe2 Qc7 15.
O-O-O a6 16. h4 Nd7 17. h5 Bh7 18. Rdg1 f6 19. f3 b5 20. Qf2 Bg8 21. Kb1 Qa5
22. Bd2 Bc5 23. Be3 b4 24. Bxc5 bxc3 25. Ba3 Rb8 26. Kc1 cxb2+ 27. Bxb2 Qxa2
28. c3 Nb6 29. Bb1 Qa5 30. Rd1 Bf7 31. Rd3 O-O 32. Qd2 Nc4 33. Qf2 Nxb2 34.
Qxb2 Rxb2 35. Kxb2 Rb8+ 36. Kc2 Qa4+ 37. Kd2 Rb2+ 38. Kc1 Qa1 0-1

[Event "Tournoi Skype 027B"]
[Site "Skype"]
[Date "????.??.??"]
[Round "1.10"]
[White "De Fazio, Monica"]
[Black "Luna Perez Vico, Lorenzo"]
[Result "0-1"]
[WhiteElo "1125"]
[BlackElo "1341"]
[PlyCount "78"]

1. Nf3 Nc6 2. g3 d5 3. Nc3 Nf6 4. Bg2 g6 5. O-O Bg7 6. Re1 O-O 7. d3 Re8 8. e4
dxe4 9. dxe4 Qxd1 10. Rxd1 e5 11. Nb5 Re7 12. Be3 a6 13. Bc5 Rd7 14. Rxd7 Bxd7
15. Nxc7 Rc8 16. Nd5 Nxd5 17. exd5 Nd4 18. Nxd4 Rxc5 19. Nb3 Rxc2 20. Rc1 Rxc1+
21. Nxc1 Bb5 22. d6 b6 23. b3 Bh6 24. a4 Bxa4 25. bxa4 Bxc1 26. d7 Bg5 27. h4
Bf6 28. Bf3 h5 29. Kh2 Be7 30. Kh3 f5 31. Bd5+ Kf8 32. f4 exf4 33. gxf4 Kg7 34.
Kg3 Kf6 35. Kf3 Bd8 36. Bc6 a5 37. Bb5 Ke7 38. Ke3 Kd6 39. Kd4 Bxh4 0-1

[Event "Tournoi Skype 027B"]
[Site "Skype"]
[Date "????.??.??"]
[Round "1.11"]
[White "Duthoit, Bernard"]
[Black "Schnell, Nicolas"]
[Result "1-0"]
[WhiteElo "1334"]
[BlackElo "1104"]
[PlyCount "51"]

1. e4 e5 2. Nf3 Nc6 3. Bc4 Nf6 4. d3 Bc5 5. Ng5 O-O 6. O-O Nd4 7. c3 Nc6 8. Qb3
Na5 9. Bxf7+ Kh8 10. Qd1 Qe7 11. b4 Nc6 12. bxc5 Qxc5 13. Qb3 d6 14. Be3 Nd4
15. cxd4 Qc6 16. d5 Qe8 17. Bxe8 Rxe8 18. Rc1 Bg4 19. Rxc7 Rac8 20. Qxb7 Rcd8
21. Nf7+ Kg8 22. Nxd8 Rxd8 23. Rxg7+ Kh8 24. Bg5 Nh5 25. Rxh7+ Kg8 26. Qf7# 1-0

[Event "Tournoi Skype 027B"]
[Site "Skype"]
[Date "????.??.??"]
[Round "1.12"]
[White "Mimouni, Driss"]
[Black "Gerbaux, Regis"]
[Result "0-1"]
[WhiteElo "1095"]
[BlackElo "1334"]
[PlyCount "102"]

1. c4 c6 2. c5 d6 3. d4 dxc5 4. dxc5 Qa5+ 5. Bd2 Qxc5 6. Nc3 Nf6 7. Be3 Qd6 8.
Qxd6 exd6 9. Bd2 Be7 10. e4 O-O 11. Bd3 Nbd7 12. Nf3 Re8 13. O-O h6 14. Nd4 Nc5
15. Bc2 Be6 16. Nxe6 fxe6 17. Rfe1 e5 18. b4 Ne6 19. Bb3 Bd8 20. h3 Kh8 21. Ne2
Nxe4 22. Nc3 Nxd2 23. Bc2 Bf6 24. Rad1 Nc4 25. Bg6 Rf8 26. Re4 b5 27. a4 Nf4
28. g3 Nxg6 29. axb5 cxb5 30. Nxb5 d5 31. Rxd5 Rad8 32. Rxd8 Rxd8 33. Rxc4 Ne7
34. Nxa7 Rd4 35. Rc8+ Nxc8 36. Nxc8 Rxb4 37. h4 e4 38. Nd6 Kh7 39. Kg2 Be5 40.
Nf5 g6 41. Ne3 Kg7 42. Kh3 Rb2 43. Kg2 Bd4 44. Nd1 Rd2 45. Kf1 Rxd1+ 46. Ke2
Rb1 47. g4 Rb2+ 48. Ke1 Bxf2+ 49. Kd1 e3 50. Kc1 Rd2 51. Kb1 e2 0-1

[Event "Tournoi Skype 027B"]
[Site "Skype"]
[Date "????.??.??"]
[Round "1.13"]
[White "Vincent, Andre"]
[Black "Rivalta, Paolo"]
[Result "1-0"]
[WhiteElo "1328"]
[BlackElo "1095"]
[PlyCount "71"]

1. d4 d5 2. Bf4 Nc6 3. Nf3 Bg4 4. Nbd2 e6 5. c3 Bd6 6. Bg3 Nf6 7. e3 O-O 8. Bd3
Qe7 9. Qc2 h6 10. O-O Bxg3 11. fxg3 e5 12. e4 dxe4 13. Nxe4 exd4 14. Rac1 Rac8
15. Nxd4 Ne5 16. Nxf6+ gxf6 17. Be4 c6 18. h3 Bh5 19. Qf2 Bg6 20. Nf5 Qd8 21.
Nxh6+ Kg7 22. Nf5+ Kh7 23. Rcd1 Nd7 24. Kh2 Rh8 25. Nd6 Bxe4 26. Nxe4 c5 27.
Qf5+ Kg7 28. Rxd7 Qb6 29. Qxf6+ Qxf6 30. Rxf6 Rhf8 31. Rxb7 a5 32. Rf4 a4 33.
a3 c4 34. Rb6 Rb8 35. Rg4+ Kh8 36. Rh6# 1-0

[Event "Tournoi Skype 027B"]
[Site "Skype"]
[Date "????.??.??"]
[Round "1.14"]
[White "Ramirez, Luis Antonio"]
[Black "Sanchez Padilla, Armando Edilber"]
[Result "0-1"]
[WhiteElo "1082"]
[BlackElo "1321"]
[PlyCount "70"]

1. d4 d5 2. Nc3 Nf6 3. Nf3 Bf5 4. e3 e6 5. h3 Bb4 6. Be2 Ne4 7. a3 Nxc3 8. bxc3
Bxc3+ 9. Bd2 Bxa1 10. Qxa1 Bxc2 11. O-O Be4 12. Rc1 Nd7 13. Qb2 Rb8 14. Ba5 b6
15. Bc3 O-O 16. Bb4 Re8 17. g4 a5 18. Be1 Nf6 19. Ng5 Bg6 20. f4 h6 21. Nf3 Ne4
22. Bh4 f6 23. f5 exf5 24. Bd3 fxg4 25. hxg4 Qd7 26. Qg2 Bh7 27. Bc2 Qc6 28. g5
fxg5 29. Nxg5 hxg5 30. Rf1 Qh6 31. Qh2 gxh4 32. Qxc7 Qxe3+ 33. Kg2 h3+ 34. Kh2
Qe2+ 35. Kg1 Qg2# 0-1

[Event "Tournoi Skype 027B"]
[Site "Skype"]
[Date "????.??.??"]
[Round "1.15"]
[White "De Nobrega, George"]
[Black "Montilla Bejarano, Carmen"]
[Result "1-0"]
[WhiteElo "1311"]
[BlackElo "1077"]
[PlyCount "83"]

1. e4 c5 2. Nf3 e5 3. Nxe5 Qe7 4. Nf3 Qxe4+ 5. Qe2 Nf6 6. Nc3 Qe6 7. Qxe6+ dxe6
8. Nb5 Na6 9. d4 cxd4 10. Nbxd4 Bc5 11. Bxa6 bxa6 12. O-O O-O 13. Re1 Re8 14.
Be3 e5 15. Nb3 Bxe3 16. Rxe3 e4 17. Nfd4 Bb7 18. Nc5 Rab8 19. Nxb7 Rxb7 20. b3
Rd7 21. c3 Ng4 22. Re2 e3 23. fxe3 Rxe3 24. Rxe3 Nxe3 25. Re1 Re7 26. Nf5 Re6
27. Rxe3 g6 28. Rxe6 fxe6 29. Nd6 h5 30. Nc8 e5 31. h4 Kf7 32. Kf2 Kf6 33. Nxa7
Kf5 34. Kf3 e4+ 35. Ke3 Kg4 36. Kxe4 Kxh4 37. Kf3 g5 38. c4 g4+ 39. Kf2 g3+ 40.
Kf3 Kg5 41. c5 h4 42. c6 1-0

[Event "Tournoi Skype 027B"]
[Site "Skype"]
[Date "????.??.??"]
[Round "1.16"]
[White "Berbedes, Jorgelina"]
[Black "Felippe E Silva, Glenda"]
[Result "0-1"]
[WhiteElo "1074"]
[BlackElo "1309"]
[PlyCount "88"]

1. d4 d5 2. Nf3 Nf6 3. Bf4 e6 4. Nc3 Bd6 5. Bxd6 cxd6 6. e3 Nbd7 7. Bd3 O-O 8.
O-O e5 9. dxe5 dxe5 10. e4 dxe4 11. Nxe4 Nxe4 12. Bxe4 f6 13. Qd3 h6 14. Bh7+
Kh8 15. Rfe1 Nc5 16. Qg6 Qe7 17. b4 Na6 18. a3 Qf7 19. Qxf7 Rxf7 20. Be4 Nc7
21. Rad1 Rf8 22. c4 a5 23. Rd6 Ne6 24. Red1 axb4 25. axb4 Ra4 26. Rb1 Rd8 27.
Rxd8+ Nxd8 28. c5 Nc6 29. Bxc6 bxc6 30. b5 cxb5 31. Rd1 Bg4 32. Rd8+ Kh7 33.
Ne1 Ra1 34. Kf1 Rc1 35. f3 Be6 36. Rd6 Bb3 37. Kf2 Rxc5 38. Rd3 Bc4 39. Rd1 b4
40. Nc2 b3 41. Ne3 Be6 42. h4 b2 43. Rb1 Rb5 44. Kg3 Ba2 0-1

[Event "Tournoi Skype 027B"]
[Site "Skype"]
[Date "????.??.??"]
[Round "1.17"]
[White "Battaglia, Gabriele"]
[Black "Yanez, Leticia Jorgelina"]
[Result "0-1"]
[WhiteElo "1308"]
[BlackElo "1073"]
[PlyCount "77"]

1. Nf3 g6 2. g3 Bg7 3. Bg2 Nf6 4. O-O O-O 5. d3 c6 6. Nbd2 Qb6 7. e4 d6 8. Re1
Bg4 9. h3 Bxf3 10. Nxf3 Nbd7 11. c3 e5 12. d4 Nxe4 13. Rxe4 c5 14. dxe5 Nxe5
15. Nxe5 dxe5 16. Qc2 Rad8 17. Bg5 f6 18. Be3 Rd7 19. Qb3+ Qxb3 20. axb3 b6 21.
Bxc5 bxc5 22. b4 Rb8 23. bxc5 Rxb2 24. Rc4 Rdd2 25. Rf1 h5 26. c6 f5 27. c7 e4
28. c8=Q+ Kh7 29. Qb7 e3 30. Rc7 exf2+ 31. Kh2 Rxb7 32. Rxb7 a5 33. Rc1 a4 34.
Ra7 f4 35. gxf4 Kh6 36. Rxa4 h4 37. c4 Rd6 38. c5 Rc6 39. Bxc6 0-1

[Event "Tournoi Skype 027B"]
[Site "Skype"]
[Date "????.??.??"]
[Round "1.18"]
[White "Barrionuevo, Hilario"]
[Black "Clemente Alcahua, Kaparso"]
[Result "0-1"]
[WhiteElo "1058"]
[BlackElo "1308"]
[PlyCount "42"]

1. d4 Nf6 2. Nc3 e6 3. Bg5 Be7 4. Nf3 d6 5. e4 Nbd7 6. h3 O-O 7. Bd3 c5 8. Bf4
Qc7 9. e5 Nd5 10. Nb5 Qc6 11. exd6 Nxf4 12. Bxh7+ Kxh7 13. d5 Qxb5 14. dxe7 Re8
15. Ng5+ Kg8 16. Rg1 exd5 17. a4 Rxe7+ 18. Kd2 Qb4+ 19. Kc1 Nb6 20. Re1 Rxe1
21. Qxe1 Qxe1# 0-1

[Event "Tournoi Skype 027B"]
[Site "Skype"]
[Date "????.??.??"]
[Round "1.19"]
[White "Le Bouill, Pierre"]
[Black "Trapletti, Cosetta"]
[Result "0-1"]
[WhiteElo "1308"]
[BlackElo "1050"]
[PlyCount "26"]

1. e4 e5 2. Nf3 Nc6 3. Bc4 Bc5 4. d3 d6 5. Ng5 Qe7 6. Nxf7 Be6 7. Nxh8 Nf6 8.
Bd2 Bxc4 9. dxc4 Nxe4 10. Qh5+ g6 11. Nxg6 Qf6 12. Nc3 Qxf2+ 13. Kd1 Qxd2# 0-1

[Event "Tournoi Skype 027B"]
[Site "Skype"]
[Date "????.??.??"]
[Round "1.20"]
[White "Trolese, Caterina"]
[Black "Pourtahmasbi, Ednun"]
[Result "0-1"]
[WhiteElo "1040"]
[BlackElo "1305"]
[PlyCount "56"]

1. e4 e5 2. Nf3 Nc6 3. Bc4 Nf6 4. Nc3 Bb4 5. O-O Bxc3 6. bxc3 Nxe4 7. d4 d5 8.
Bd3 Bg4 9. Bxe4 dxe4 10. Bg5 Qd5 11. Rb1 exf3 12. gxf3 Bxf3 13. c4 Qxc4 14.
Qxf3 f6 15. Qh5+ g6 16. Qh6 Rf8 17. Be3 O-O-O 18. Qxh7 exd4 19. Bf4 Rd7 20.
Qxg6 Ne5 21. Qh6 Rff7 22. Qh8+ Rd8 23. Qh5 Qd5 24. Qf5+ Rdd7 25. Rfc1 Nf3+ 26.
Kf1 Qxf5 27. Bg3 Nd2+ 28. Kg2 Nxb1 0-1

[Event "Tournoi Skype 027B"]
[Site "Skype"]
[Date "????.??.??"]
[Round "1.21"]
[White "Farfallini, Michel"]
[Black "Alverson, Ginny"]
[Result "1-0"]
[WhiteElo "1304"]
[BlackElo "1016"]
[PlyCount "57"]

1. e4 c5 2. Nf3 Nc6 3. d4 cxd4 4. Nxd4 Nf6 5. Nc3 e6 6. Be3 Bc5 7. Nxc6 bxc6 8.
Bxc5 Rb8 9. Bc4 Rxb2 10. Rb1 Rxb1 11. Qxb1 Qc7 12. Qd1 d5 13. exd5 Qe5+ 14. Ne2
exd5 15. Bb3 Bg4 16. f3 Bh5 17. O-O Nd7 18. Ng3 Bg6 19. Re1 Be4 20. fxe4 Nxc5
21. exd5 Ne4 22. Rxe4 Qxe4 23. Nxe4 O-O 24. d6 Rd8 25. Qe2 h6 26. c3 Kh7 27.
Bc2 f5 28. Nf6+ gxf6 29. Qe7+ 1-0

[Event "Tournoi Skype 027B"]
[Site "Skype"]
[Date "????.??.??"]
[Round "1.22"]
[White "Clayton, Estelita"]
[Black "Hernandez Lopez, Joaquin"]
[Result "0-1"]
[WhiteElo "1001"]
[BlackElo "1300"]
[PlyCount "86"]

1. d4 e6 2. Bf4 f5 3. Nc3 Nf6 4. Nb5 Na6 5. a3 d5 6. e3 c6 7. Nc3 Bd6 8. Bxd6
Qxd6 9. Nh3 Ng4 10. f4 Qe7 11. g3 Nb8 12. Be2 Nxe3 13. Qd3 Ng4 14. Bxg4 fxg4
15. Nf2 e5 16. O-O-O exf4 17. Rhe1 Be6 18. Qf5 Bxf5 19. Rxe7+ Kxe7 20. Re1+ Kf7
21. Nxg4 Bxg4 22. gxf4 Nd7 23. Rf1 Rae8 24. b3 Re3 25. Kb2 Rhe8 26. Na2 Bf5 27.
Rf2 Nf6 28. Nb4 Ng4 29. Rd2 Re2 30. Rxe2 Rxe2 31. h3 Ne3 32. h4 Nxc2 33. Nxc2
Rxc2+ 34. Kb1 Rh2+ 35. Kc1 Rxh4 36. Kd2 Rxf4 37. Kc3 Ke6 38. b4 a6 39. a4 b6
40. b5 cxb5 41. axb5 axb5 42. Kb4 Kd6 43. Kxb5 Kc7 0-1

[Event "Tournoi Skype 027B"]
[Site "Skype"]
[Date "????.??.??"]
[Round "1.23"]
[White "Mhabdi, Mahesh"]
[Black "Abate, Leonardo"]
[Result "1-0"]
[WhiteElo "1296"]
[BlackElo "1000"]
[PlyCount "45"]

1. e4 e5 2. Nf3 Nc6 3. Bc4 f6 4. d3 Nge7 5. Nc3 Nd4 6. O-O c6 7. Be3 d5 8. exd5
Bg4 9. dxc6 Bxf3 10. gxf3 Qb6 11. f4 Qxc6 12. f3 O-O-O 13. Bxd4 Rxd4 14. Nb5
Qb6 15. Nxd4 Qxd4+ 16. Rf2 Qxf4 17. c3 Nf5 18. Be6+ Kb8 19. b4 g5 20. Qa4 Nd6
21. Qd7 Qe3 22. Qd8+ Nc8 23. Qxc8# 1-0

[Event "Tournoi Skype 027B"]
[Site "Skype"]
[Date "????.??.??"]
[Round "1.24"]
[White "Abdulrazzaq, Mohsen"]
[Black "Moumtaz, Abderrahim"]
[Result "0-1"]
[WhiteElo "1000"]
[BlackElo "1292"]
[PlyCount "28"]

1. e4 e5 2. Nf3 Nf6 3. Bc4 Nxe4 4. O-O d5 5. Bb3 Bd6 6. Re1 O-O 7. Bxd5 Nf6 8.
Bc4 Nc6 9. d4 exd4 10. Nxd4 Nxd4 11. Qxd4 Bxh2+ 12. Kxh2 Qxd4 13. Na3 Ng4+ 14.
Kg3 Qxf2+ 0-1

[Event "Tournoi Skype 027B"]
[Site "Skype"]
[Date "????.??.??"]
[Round "1.25"]
[White "Erten, Ozlem"]
[Black "Babar, Ganesh"]
[Result "0-1"]
[WhiteElo "1288"]
[BlackElo "1000"]
[PlyCount "56"]

1. d4 c6 2. c4 d5 3. e3 e6 4. Nf3 Be7 5. Nc3 h6 6. Bd3 Nf6 7. O-O O-O 8. Re1
Nbd7 9. e4 Nxe4 10. Nxe4 dxe4 11. Bxe4 f5 12. Bc2 Rf6 13. Ne5 Bb4 14. Re2 Nxe5
15. dxe5 Rf8 16. a3 Qxd1+ 17. Bxd1 Be7 18. b4 a5 19. Bb2 axb4 20. axb4 Rxa1 21.
Bxa1 Bxb4 22. Rb2 c5 23. Rb3 Bd7 24. Rd3 Bc6 25. Rd6 Ra8 26. Bb2 Ra2 27. Bc1
Ra1 28. Be3 Ba4 0-1

[Event "Tournoi Skype 027B"]
[Site "Skype"]
[Date "????.??.??"]
[Round "1.26"]
[White "Barba Cepeda, Julio Cesar"]
[Black "Khatanhar, Mohit"]
[Result "0-1"]
[WhiteElo "1000"]
[BlackElo "1287"]
[PlyCount "66"]

1. e4 e5 2. Nf3 Nc6 3. d4 exd4 4. Nxd4 Nxd4 5. Qxd4 d6 6. Nc3 Bd7 7. Be2 h6 8.
Be3 Nf6 9. O-O Be7 10. Nd5 O-O 11. Bf3 c6 12. Nf4 Nh7 13. Rad1 Bf6 14. Qxd6 Bc8
15. c3 Qe8 16. Bd4 Be7 17. Qe5 Bf6 18. Qd6 Be7 19. Qc7 Ng5 20. Rd3 Be6 21. Nxe6
Nxe6 22. Qxb7 Bc5 23. Re1 Bxd4 24. cxd4 f6 25. e5 fxe5 26. Bxc6 Qg6 27. Be4 Qg5
28. Bd5 Rad8 29. Bxe6+ Kh8 30. dxe5 Rxd3 31. Qe4 Qd2 32. Bb3 Qxf2+ 33. Kh1 Qf1+
0-1

[Event "Tournoi Skype 027B"]
[Site "Skype"]
[Date "????.??.??"]
[Round "1.28"]
[White "Florez Beltran, Leidy Lucila"]
[Black "Luunge, Abdi"]
[Result "0-1"]
[WhiteElo "1000"]
[BlackElo "1285"]
[PlyCount "54"]

1. e4 c5 2. Nf3 Nc6 3. Nc3 e6 4. Bc4 Nf6 5. e5 Ng4 6. Qe2 d6 7. exd6 Bxd6 8. d3
O-O 9. O-O Qc7 10. g3 Re8 11. Nd4 e5 12. h3 Nf6 13. Nxc6 Qxc6 14. Ne4 Bxh3 15.
Nxf6+ gxf6 16. f3 f5 17. Rf2 e4 18. fxe4 Bg4 19. Qf1 Bxg3 20. Rxf5 Bxf5 21.
Qxf5 Rf8 22. Bh6 Qxh6 23. Kg2 Bh4 24. Kh3 Kh8 25. Rg1 Bf6+ 26. Kg4 Rg8+ 27. Kf3
Rxg1 0-1

[Event "Tournoi Skype 027B"]
[Site "Skype"]
[Date "????.??.??"]
[Round "1.29"]
[White "Douichi, Mohammed"]
[Black "Gomez Zuluaga, Jorge Adiel"]
[Result "1-0"]
[WhiteElo "1277"]
[BlackElo "1000"]
[PlyCount "95"]

1. e4 e6 2. d4 d5 3. exd5 exd5 4. Nf3 f6 5. Nc3 Qe7+ 6. Be2 c6 7. O-O Bg4 8.
Re1 Qd6 9. Ne5 Bxe2 10. Rxe2 fxe5 11. Rxe5+ Ne7 12. Bf4 Nd7 13. Re4 Qg6 14. Re1
Nf6 15. Qe2 Ne4 16. Nxe4 dxe4 17. Qxe4 Qxe4 18. Rxe4 Kf7 19. c3 Nd5 20. Be5 Kg8
21. Rae1 h5 22. h4 Rh6 23. a3 Nf6 24. Bxf6 gxf6 25. Re8 Rxe8 26. Rxe8 f5 27.
Rd8 f4 28. Rd7 Rg6 29. Rxb7 f3 30. g3 a5 31. Ra7 Rd6 32. Rxa5 Bg7 33. Rxh5 c5
34. Rxc5 Bxd4 35. cxd4 Rxd4 36. Kh2 Rd2 37. Rg5+ Kf7 38. Rf5+ Kg6 39. Rxf3 Rxb2
40. Kg2 Rb4 41. axb4 Kh5 42. b5 Kh6 43. b6 Kg6 44. b7 Kg7 45. b8=Q Kg6 46. Qg8+
Kh6 47. Rf6+ Kh5 48. Qg5# 1-0

[Event "Tournoi Skype 027B"]
[Site "Skype"]
[Date "????.??.??"]
[Round "1.30"]
[White "Hampton, Irene"]
[Black "Milanese, Serge"]
[Result "0-1"]
[WhiteElo "1000"]
[BlackElo "1277"]
[PlyCount "66"]

1. d4 d5 2. Nf3 e6 3. Bf4 Nf6 4. e3 Bd6 5. Bg3 Nbd7 6. Nbd2 Ne4 7. Qe2 a6 8.
Bxd6 cxd6 9. g3 Qf6 10. O-O-O O-O 11. Bg2 Qd8 12. h4 Qa5 13. a3 Nc3 14. Qd3
Nxd1 15. Rxd1 b5 16. Ng5 g6 17. h5 h6 18. hxg6 hxg5 19. Rh1 f5 20. Rh7 Nf6 21.
Rh6 Kg7 22. Rh2 b4 23. Nb1 bxa3 24. Nxa3 Qe1+ 25. Qd1 Qxf2 26. Qf3 Qg1+ 27. Kd2
Qxh2 28. c4 Rb8 29. b4 Rxb4 30. cxd5 Ne4+ 31. Ke2 Rb2+ 32. Ke1 Rxg2 33. Kf1
Qg1# 0-1

[Event "Tournoi Skype 027B"]
[Site "Skype"]
[Date "????.??.??"]
[Round "1.31"]
[White "Scata, Laura"]
[Black "Hernandez, Enrique"]
[Result "1-0"]
[WhiteElo "1273"]
[BlackElo "1000"]
[PlyCount "83"]

1. d4 d5 2. Nf3 Nc6 3. Bf4 Nf6 4. h3 Qd7 5. e3 Qf5 6. Bd3 Ne4 7. Nbd2 Nxd4 8.
Nxd4 Qg6 9. Nxe4 Qxg2 10. Qf3 Bxh3 11. Qxg2 Bxg2 12. Rg1 dxe4 13. Rxg2 exd3 14.
cxd3 f6 15. Ne6 Rc8 16. Nxg7+ Bxg7 17. Rxg7 e5 18. Bh6 Rd8 19. Rd1 Rd6 20. Rxc7
f5 21. Rc8+ Rd8 22. Rdc1 Kf7 23. R1c7+ Kg6 24. Rxd8 Rxd8 25. Bg7 Rxd3 26. Bxe5
Rd5 27. Bh2 Rb5 28. b3 a5 29. Bd6 h5 30. Kf1 Kg5 31. Kg2 Rb6 32. Bc5 Rb5 33.
Be7+ Kg6 34. Rc5 Rb4 35. Rxa5 Rg4+ 36. Kh3 Kf7 37. Bh4 Ke6 38. Rb5 Rg7 39. Rb6+
Ke5 40. Bf6+ Kd5 41. Bxg7 Kc5 42. Rxb7 1-0

[Event "Tournoi Skype 027B"]
[Site "Skype"]
[Date "????.??.??"]
[Round "1.33"]
[White "Torres, Vicky"]
[Black "Lopez, Marco"]
[Result "1/2-1/2"]
[WhiteElo "1256"]
[BlackElo "1405"]
[PlyCount "113"]

1. e4 c5 2. Nf3 d6 3. Bc4 e6 4. O-O Nf6 5. Nc3 Be7 6. d4 cxd4 7. Nxd4 O-O 8.
Bf4 a6 9. e5 dxe5 10. Bxe5 b5 11. Be2 Bb7 12. Bf3 Bxf3 13. Qxf3 Nbd7 14. Nc6
Nxe5 15. Nxe5 Rc8 16. Ng4 b4 17. Rad1 Qc7 18. Nxf6+ Bxf6 19. Ne4 Bxb2 20. Nd6
Rcd8 21. Ne4 Qxc2 22. Rb1 Rd4 23. Ng5 Rd2 24. Qh5 Bd4 25. Nh3 Qxa2 26. Rxb4 g6
27. Qf3 Rd8 28. Ng5 e5 29. Qxf7+ Qxf7 30. Nxf7 Kxf7 31. Rb7+ Kf6 32. Rxh7 a5
33. Rh3 a4 34. Ra3 Bb2 35. Rxa4 Rd1 36. g3 Rxf1+ 37. Kxf1 Rd7 38. Ra6+ Kf5 39.
f3 Rd2 40. h4 Bd4 41. g4+ Kf4 42. Rxg6 Rf2+ 43. Ke1 Kxf3 44. g5 Rg2 45. h5 e4
46. h6 Kf4 47. h7 Rxg5 48. Rd6 Bc3+ 49. Kd1 Rh5 50. Rd7 e3 51. Rf7+ Kg5 52. Ke2
Rh3 53. Rc7 Bh8 54. Rc5+ Kg6 55. Rc7 Bd4 56. Re7 Rxh7 57. Re4 1/2-1/2